00455nam a2200145 a 45000010005000000030009000050080041000140400028000550820018000831000030001012450074001312600051002053000010002566500043002665777CO-ViMGA141112s2004 ck r 000 u spa d aCO-ViMGAbspacCO-ViMGA04a658.839 D184e1 aDavila de Guevara, Carlos10aEmpresa e historia en América Latina ; un balance historiográfico aSantafé de Bogotá : bTercer mundo, c1996 a225 p14aEMPRESAS - América LATINA - HISTORIA